00287nam a2200121Ia 45000030006000000080041000060400015000471000015000622450022000772600037000995460012001360050017001480STCL150530s9999 xx 000 0 und d aSTCLcSTCL aNiall Rudd aSatires of horace bCambridge university pressc1966 aEnglish20220125170835.0